Diseño y presupuesto del sistema de hidrantes en la Ciudad Universitaria Rodrigo Facio
Guardat en:
| Autor principal: | |
|---|---|
| Format: | Llibre |
| Publicat: |
[San José, Costa Rica]
2007
|
| Matèries: | |
| Etiquetes: |
Afegir etiqueta
Sense etiquetes, Sigues el primer a etiquetar aquest registre!
|
MARC
| LEADER | 00000nam a2200000Ia 4500 | ||
|---|---|---|---|
| 003 | 001032 | ||
| 005 | 20221231144103.0 | ||
| 008 | 140114s2007 cr a 000 ||s d | ||
| 040 | |c cru CEDI | ||
| 090 | |a TFG 5560 | ||
| 100 | |a Zamora Rojas, Javier |9 4580 | ||
| 245 | |a Diseño y presupuesto del sistema de hidrantes en la Ciudad Universitaria Rodrigo Facio | ||
| 260 | |c 2007 |b [San José, Costa Rica] | ||
| 300 | |a 47, [55] hojas; ilustraciones, color, planos | ||
| 500 | |a Tesis (licenciatura en ingeniería civil)--Universidad de Costa Rica. Escuela de Ingeniería Civil, 2007. Plano pleg. en bolsillo | ||
| 650 | |x CIUDAD UNIVERSITARIA RODRIGO FACIO (SAN JOSE, COSTA RICA) |x HIDRANTES |x INCENDIOS - MEDIDAS DE SEGURIDAD |x INCENDIOS - PREVENCION |9 4581 | ||
| 942 | |c TFG | ||
| 999 | |c 16701 |d 16701 | ||
